Tilastot visalle Jääkiekon SM-Liiga - Jäädytetyt pelinumerot

Klikkaa tästä pelataksesi tätä visaa!

Yleistilastot

  • Tätä visaa on pelattu 128 kertaa
    (114 viimeisimmän päivityksen jälkeen)
  • Keskiarvotulos 31 / 93

Vastaustilastot

Joukkue#Pelaaja% Oikein
Tappara7Jutila
75%
Ilves41Helminen
70%
Jokerit8Selänne
68%
TPS11Koivu
65%
Jokerit17Kurri
63%
Tappara8Ojanen
63%
Ilves16Peltonen
58%
Lukko4Peltonen
58%
Kärpät5Kukkonen
56%
Ilves13Jalo
55%
KalPa24Kapanen
55%
TPS3Nummelin
55%
HIFK9Kuhta
54%
Tappara12Lehtonen
54%
HIFK23Lehtonen
54%
Jukurit31Lehtonen
54%
HIFK20Hagman
52%
Ässät13Ketola
52%
KalPa44Timonen
52%
Tappara2Numminen
49%
Ilves30Tammi
49%
Tappara10Susi
48%
Jokerit5Tikkanen
48%
SaiPa8Koho
46%
Kärpät24Viuhkola
46%
Jokerit91Janecký
45%
Lukko77Hämäläinen
44%
Ilves14Oksanen
44%
TPS23Virta
44%
Tappara3Marjamäki
42%
Ässät4Javanainen
41%
KalPa27Rinne
41%
Kärpät10Ruotsalainen
41%
HPK36Tuulola
41%
KalPa37Kilpeläinen
39%
KalPa1Kuivalainen
38%
HPK13Palo
38%
Jokerit23Varis
38%
HIFK22Kortelainen
37%
Ässät22Makkonen
37%
Kärpät6Mikkola
37%
Lukko35Vehanen
37%
Jokerit24Immonen
35%
Lukko28Niskala
34%
SaiPa3Partinen
34%
HIFK1Wetzell
34%
Pelicans13Laine
32%
Ässät5Rautakallio
32%
Ilves2Wasama
32%
HPK17Hietanen
31%
Ilves7Honkavaara
31%
HIFK35Lindfors
31%
SaiPa9Skriko
31%
HPK9Louhi
30%
HIFK5Riihiranta
30%
HIFK7Saarinen
30%
Lukko7Keinonen
28%
JYP1Siekkinen
28%
Lukko13Torkki
28%
TPS12Vilander
28%
Lukko26Forss
27%
Ässät2Heikkilä
27%
Ässät12Levo
27%
Ässät89Otevřel
27%
Kärpät15Kiimalainen
25%
Pelicans17Eloranta
24%
JYP30Kurkinen
23%
Jokerit15Leppä
23%
HIFK17Murto
23%
Lukko4Rastio
23%
HPK18Savolainen
20%
Sport29Hjerpe
18%
TPS15Leppänen
18%
Ässät11Kilpiö
17%
SaiPa20Mälkiä
17%
Jokerit17Turunen
17%
Lukko8Vehmanen
17%
TPS16Tammelin
14%
Pelicans11Koskinen
11%
JYP10Rastela
11%
TPS8Wahlsten
10%
Jukurit12Laakso
8%
JYP13Sallinen
8%
HPK2Salisma
7%
JYP19Mikkilä
6%
Jukurit22Salminen
6%
Ilves24Suominen
6%
Jukurit24Kanerva
4%
KooKoo81Nurmberg
4%
Jukurit21Lehmusmetsä
3%
KooKoo36Outinen
3%
Sport27Väkelä
3%
Sport14Laaksonharju
1%

Tulosjakauma

Persentiili vastausten määrän mukaan

Jokaisen tuloksen saaneiden osuus

Tuloshistoriasi

Et ole pelannut tätä visaa sen viimeisimmän päivityksen jälkeen